000 00283nam a2200121Ia 4500
008 190216s9999||||xx |||||||||||||| ||und||
100 _aThornley G C
245 0 _aPower And Progress
260 _bLongman &green &co
_c1969
300 _a126p
650 _aEnglish Essay
942 _cBK
999 _c11729
_d11729